000 00978cam a2200217 4500
001 WB3940-01
008 031023n2003 000 0 eng u
035 _a(Sirsi) u123985
245 _aRoads to include maintenance
260 _c2003
490 _aContract Journal
_v421 (6449) 22 October 2003, 6(1)
520 _aEarly Contractor Involvement schemes (ECI) contracts will be expected to consider maintenance more thoroughly when bidding and designing contracts. Some maintenance contractors are concerned that not enough attention is paid to maintenance in ECI schemes. The Highways Agency said that contractors will have to factor in the whole-life value of a road project rather than just the constrution work.
590 _aWB
650 _aEARLY CONTRACTOR INVOLVEMENT
650 _aROAD SCHEMES
650 _aHIGHWAYS AGENCY
650 _aMAINTENANCE CONTRACTOR
650 _aMAINTENANCE BUDGET
690 _aBUILDING AND CONSTRUCTION-CONTRACT
942 _n0
999 _c73636
_d73636